000 00652nam a2200205Ia 4500
003 IN-BaIIA
008 211028s9999 xx 000 0 eng d
020 _a0-295-95387-X
040 _cIIA Library
080 _a524.722
_bHOD
100 _aHodge, Paul W
_94600
245 4 _aThe small magellanic cloud
_cPaul W. Hodge and Frances W Wright
260 _aSeattle
_bUniversity of Washington Press
_c1977
300 _aix, 69p.
650 _aAstronomy and astrophysics thesaurus
650 _aAtlas
650 _aSmall magellanic Cloud - atlas
_911137
700 _aWright, Frances W.
_97394
942 _cBK
999 _c6492
_d6492